[Event "BRA-ch 84th"]
[Site "Rio de Janeiro"]
[Date "2018.02.08"]
[Round "2.1"]
[White "Mekhitarian, Krikor Sevag"]
[Black "Matsuura, Everaldo"]
[Result "1-0"]
[WhiteElo "2533"]
[BlackElo "2496"]
[Annotator "Mekhitarian,K"]
[PlyCount "95"]
[EventDate "2018.02.06"]
[EventType "k.o."]
[EventRounds "4"]
[EventCountry "BRA"]
[SourceTitle "CBM 183"]
[Source "ChessBase"]
[SourceDate "2018.03.14"]
[SourceVersion "1"]
[SourceVersionDate "2018.03.14"]
[SourceQuality "1"]

1. d4 d5 2. c4 e6 3. Nc3 c6 4. e4 $5 {The Marshall Gambit!} dxe4 5. Nxe4 Bb4+
6. Bd2 {This position was first played by Frank James Marshall himself in 1902,
against the 1910 world championship challenger Carl Schlechter.} Qxd4 7. Bxb4
Qxe4+ 8. Be2 Na6 {White has mostly tried 9.Bd6 and 9.Ba5 here.} (8... Nd7 {
was played in that game. 8...Nd7 still remains a playable move, though not one
of the main ones:} 9. Nf3 c5 10. Bc3 Ngf6 11. Qd6 {not allowing Black to castle
} Qc6 12. Qg3 (12. Qxc6 $5 bxc6 13. Nd2 $16 {with a huge positional advantage
for White}) 12... O-O 13. Rd1 Nh5 14. Qh4 g6 $2 15. Rxd7 $1 Qxd7 16. g4 {
a nice combination, leading to a won position} Qd8 17. gxh5 Qxh4 18. Nxh4 $18 {
1-0 (28) Marshall,F-Schlechter,C Monte Carlo 1902}) (8... Qxg2 9. Bf3 Qg5 10.
Ne2 $36 {with good initiative.}) 9. Bd6 $5 Qxg2 10. Qd2 $1 Nf6 (10... Qxh1 $2
11. O-O-O $1 $18 {threatening to win the queen with Bf3 and at the same time,
checkmate Black with a simple Ba3. Black is defenceless.}) 11. Bf3 Qg6 12. Ne2
e5 13. Bxe5 Be6 14. O-O-O Qf5 $1 {Hitting both bishops, and forcing the
awkward Bf4.} 15. Bf4 Qc5 (15... Bxc4 $1 {is critical, now White has many
interesting choices, like Rhg1 or Ng3, for example} 16. Ng3 $5 (16. Rhg1 $5)
16... Qc5 17. Be3 Qb4 18. Nf5 Qxd2+ 19. Rxd2 Bd5 $6 (19... Kf8 $1) 20. Nxg7+
Kd7 21. Bg5 $6 (21. Nh5 $1 $16) 21... Kc7 $1 $11 {1-0 (97) Gupta,A (2551)
-Ashwin,J (2436) Gaziantep 2008}) 16. b3 O-O (16... Nd5 $1 17. Be5 O-O-O 18.
Bd4 Qa3+ 19. Qb2 Qxb2+ 20. Kxb2 {1/2-1/2 (49) Gustafsson,J (2631)-Pavasovic,D 
(2607) Rogaska Slatina 2009; with a slightly preferable position, since White
is getting the a7-pawn back next move.} Nf6 21. Bxa7 $14) 17. Bd6 Qxf2 18. Qf4
$6 (18. Bxf8 Rxf8 {looked playable for Black} 19. Nd4 Qxd2+ 20. Rxd2 $14) (18.
Rhg1 $1 {I was looking at this during the game, but ended up deciding on 18.
Qf4, which gave a very good choice to my opponent:} Bf5 {I was worried about
this move, with ...Bg6 to come} (18... Qxf3 $2 19. Rxg7+ Kxg7 (19... Kh8 20.
Rg3 $18) 20. Qg5+ Kh8 21. Be5 $18) 19. Rdf1 Qh4 20. Bxc6 $3 {[%cal Gf1f5] I
completely missed this shot} bxc6 21. Bxf8 {even if you see something like
this, it still looks scary} Rxf8 (21... Ne4 22. Qf4 $1 Qxf4+ 23. Rxf4 $16) (
21... Bg6 22. Bxg7 $1 Kxg7 23. Rf4 $1 Qh3 (23... Qxh2 24. Qb2 $1 $18) 24. Rxf6
$1 Kxf6 25. Qd4+ Ke7 26. Nf4 $18 {with a decisive attack}) 22. Rxf5 $18) 18...
Ng4 $2 {Forcing the queen exchange, but White achieves a big advantage with
the forced sequence:} (18... Rfd8 $1 {and suddenly my attacking ideas aren't
that strong, he has a very good ...Ne8 next move in case of Rhg1, for example}
19. Rdf1 {was one of my ideas, but this could be even bad for White:} (19. Rhg1
Ne8 20. Be5 Rxd1+ 21. Rxd1 Qb6 $13 {and Black is surviving}) 19... Qb6 20. Be7
$2 (20. Rhg1 $5) 20... Nb4 $1 $19 {getting the initiative back!} 21. Bxd8 Nd3+
22. Kb1 Rxd8 {White is suddenly lost.}) 19. Rhg1 $1 Qe3+ 20. Rd2 $1 (20. Kb2
Rfe8 $1 $11 {keeping an eye on e2.}) 20... Qxf4 21. Nxf4 {Now we reach an
endgame, where White has amazing compensation and will soon get the material
back with interest.} Nh6 22. Nh5 $5 (22. Nxe6 fxe6 23. Bxf8 Rxf8 24. Bd1 $16 {
was another way to play with, followed by Bc2. I thought the game continuation
would be stronger, and honestly wasn't too sure about converting this position}
) 22... g6 (22... Nf5 $2 23. Nxg7 $1 Nxg7 24. Rdg2 $18) 23. Nf6+ Kh8 $6 (23...
Kg7 24. Be5 Nf5 25. Nd7+ f6 26. Nxf8 Rxf8 27. Bc3 {similar to the game, but
the improved positions of the king and the knight give better chances for
Black, compared to what was played.}) 24. Be5 Ng8 {Forces the following
sequence, that is simply winning for White.} 25. Nd7+ f6 26. Nxf8 Rxf8 27. Bd4
$1 {Hitting a7.} Bf5 28. a3 {is also good enough, if Black plays ...c5, then
the a6-knight stays out of the game forever.} (28. Bxa7 $5 Ra8 29. Bb6 Nb4 30.
Rgd1 $1 $18) 28... Nc7 (28... c5 29. Bf2 b6 30. Rgd1 $18) 29. Bxa7 Ra8 30. Bb6
Ne6 31. Kb2 Nf4 32. Rgd1 Re8 33. Rd8 Re7 34. h4 $6 {Intended to avoid ...g5.
It doesn't make much sense, since it helps my opponent to potentially create
passed pawns.} (34. a4 $1 {when you don't know what to do in endgames, push
your potential (or passed) pawns} g5 35. a5 g4 36. Bxc6 bxc6 37. a6 $1 $18)
34... Kg7 35. Bc5 Re5 36. Bd4 (36. Bf8+ Kf7 37. Bd6 Re3 38. Bxc6 $1 {taking on
f4 next move} Nd3+ 39. Rxd3 Rxd3 40. Bxb7 $18 {and White is simply winning.})
36... Re7 37. Bc5 Re5 38. Bd4 Re7 39. a4 $6 Nd3+ (39... Ne6 $1 {would give
Black some hope} 40. Rb8 Nxd4 41. Rxd4 Nh6 42. a5 Nf7 43. a6 bxa6 44. Bxc6 Ne5
{White is still winning, but after Black plays ...g5 next move, the game is
far from over.}) 40. Kc3 Ne1 41. Bh1 Bg4 42. Rd2 Nf3 43. Bxf3 Bxf3 44. Bc5 Re5
45. R2d7+ Kh6 46. Bf8+ Kh5 47. Rxh7+ Kg4 48. Rg7 1-0

[Event "Metz op 30th"]
[Site "Metz"]
[Date "2012.04.23"]
[Round "3"]
[White "Nguyen, Chi Minh"]
[Black "Sumets, Andrey"]
[Result "0-1"]
[WhiteElo "2420"]
[BlackElo "2587"]
[Annotator "Metz Alekhine/Primel,D"]
[PlyCount "36"]
[EventDate "2012.04.14"]
[EventType "swiss"]
[EventRounds "9"]
[EventCountry "FRA"]
[SourceTitle "EXT 2013"]
[Source "ChessBase"]
[SourceDate "2012.11.22"]
[SourceVersion "1"]
[SourceVersionDate "2012.11.22"]
[SourceQuality "1"]

1. d4 {01h30} d5 2. c4 c6 3. Nc3 Nf6 4. Nf3 dxc4 5. a4 e6 6. e4 (6. e3) 6...
Bb4 7. Bxc4 {Une ligne secondaire} (7. Bg5 {La grande ligne} b5 (7... Bxc3+)) (
7. e5) ({Pertinent:} 7. e5 Nd5 8. Bd2 b5 9. axb5 Bxc3 10. bxc3 cxb5 11. Ng5 Nc6
12. Qh5 Qe7 13. Be2 b4 14. O-O bxc3 15. Be3 Bb7 16. Bg4 Ncb4 17. Nxe6 g6 18.
Ng7+ Kf8 19. Qh6 Kg8 20. Bg5 Qf8 21. Bf6 Nxf6 22. exf6 Nd5 23. Bf3 Nxf6 24.
Bxb7 Rd8 25. Ra6 Qxg7 26. Qg5 Rd7 27. Bf3 Ne8 28. Bc6 Rd6 29. Qe7 Qf8 30. Qxa7
Nf6 31. Qc5 Nd7 32. Qxc4 Nb8 33. Rb6 Nxc6 34. Rxc6 Rxc6 35. Qxc6 Qb4 36. Qe8+
Kg7 {Anand,V (2780)-Karjakin,S (2778) Sao Paulo/Bilbao 2012 1/2-1/2}) 7... Nxe4
8. O-O Nf6 (8... Nxc3 {plus risqué} 9. bxc3 Be7 (9... Bxc3 10. Rb1) 10. Ne5 O-O
11. Qg4 $44 {Sandipan,C (2623)-Kobalia,M (2643) World Cup Khanty-Mansiysk 2009
(1.1) 1-0}) 9. Qe2 (9. Bg5) 9... O-O 10. Rd1 {83} Nbd7 {81} 11. Rd3 b5 $1 (
11... b6 12. a5) 12. axb5 Nb6 13. Bb3 cxb5 14. Ne5 Bb7 15. Rg3 {57} (15. Nxb5)
15... Re8 {42} 16. Bg5 a6 $146 (16... Kf8 17. Nxb5 a6 18. Nc3 h6 19. Bxf6 Qxf6
20. Na4 {1-0 (20) Cheparinov,I (2665)-Papin,V (2568) Moscow 2011}) 17. Bd2 Rc8
18. Re1 Re7 {suite illisible et gain Noir au 68ème coup} 0-1

[Event "WchT 9th"]
[Site "Antalya"]
[Date "2013.11.27"]
[Round "2.4"]
[White "Vitiugov, Nikita"]
[Black "Robson, Ray"]
[Result "0-1"]
[WhiteElo "2741"]
[BlackElo "2613"]
[Annotator "Mikhalchishin,A"]
[PlyCount "56"]
[EventDate "2013.11.26"]
[EventType "team-tourn"]
[EventRounds "9"]
[EventCountry "TUR"]
[SourceTitle "CBM 158"]
[Source "ChessBase"]
[SourceDate "2014.01.16"]
[SourceVersion "1"]
[SourceVersionDate "2014.01.16"]
[SourceQuality "1"]
[WhiteTeam "Russia"]
[BlackTeam "US of America"]
[WhiteTeamCountry "RUS"]
[BlackTeamCountry "USA"]

1. d4 d5 2. c4 e6 3. Nc3 c6 4. e4 dxe4 5. Nxe4 Bb4+ 6. Bd2 ({Carlsen decided
not to enter sharp forced lines in which Anand is known to be strong and played
} 6. Nc3) 6... Qxd4 7. Bxb4 Qxe4+ 8. Ne2 $5 Na6 9. Bf8 Ne7 10. Bxg7 Nb4 11. Qd6
Nc2+ 12. Kd2 Nxa1 13. Bxh8 {This crazy position was used by the big specialist
of this line Slovenian GM Dusko Pavasovic.} Qc2+ 14. Ke1 e5 ({Here Black has
tested} 14... Qxc4 $6 15. Nc3 Qb4 {(Christiansen-Robson, USA Ch 2009)} {
but White would get a clear advantage after} 16. Qd1 $1 Qxb2 17. Bd3) 15. f3 (
15. Bxe5 $2 {was wrong:} Be6 16. f3 Rd8 17. Qc7 Qd2+ 18. Kf2 Nc2 $19 {T.
Kononenko-Korneev, Seville 2007.}) 15... Be6 $1 ({The only way as other
continuations were proved to be wrong:} 15... Qxb2 $6 {(Kharlov-Arzumanian,
Tula 2002).}) ({Or} 15... Qb1+ $2 16. Kf2 Nc2 $2 17. Bf6 $18 {Wojtaszek-K.
Szabo, Stockholm 2007.}) 16. Bf6 Ng6 17. h4 $1 ({A weaker option was} 17. Kf2)
17... Qf5 18. Bg5 h6 $1 19. Bxh6 Rd8 20. Qc5 Qb1+ 21. Kf2 Nc2 22. h5 Nf4 $1 {
Robson's improvement.} (22... Ne1 $2 {was played in Nepomniachtchi-Pavasovic,
Rogaska Slatina 2011, which was won by White.}) 23. Bxf4 ({Another option kept
the balance:} 23. Nxf4 Qe1+ 24. Kg1 Nd4 25. Qf8+ Kd7 26. Qa3 Bxc4 27. Qc3 Qxf1+
28. Kh2 Qf2 29. Nh3 Qe2 30. Ng1 Qd3 31. Qxd3 Bxd3 32. Bg7 Ke6) 23... exf4 24.
Qa5 Qd1 $2 {Not the best. There were two options leading to equality:} (24...
Ne3 25. h6 $5 Nd1+ 26. Kg1 Ne3 $8 27. Kf2 $11 (27. Kh2 $13)) (24... b6 $5 25.
Qc3 $8 ({not} 25. Qe5 $4 Qe1+ 26. Kg1 Rd1 $19) 25... Ne3 $8 26. Qf6 $5 Nd1+ (
26... Rd1 27. Qxf4 Nxf1 $13) 27. Kg1 Ne3 $11) 25. Nxf4 $2 {An immediate
mistake, returning the favour.} ({White could win after} 25. h6 $1 Rd2 26. h7
Rxe2+ (26... Qe1+ $2 27. Kg1 $18) 27. Kg1 $3 Qd4+ ({or} 27... Rxg2+ 28. Kxg2
Ne3+ 29. Kf2 $1 $18) 28. Kh2 Rxg2+ ({or:} 28... Re3 29. Qg5 $18) (28... Rd2 29.
Qc3 Qf2 30. h8=Q+ Kd7 31. Rg1 $18) 29. Bxg2 Qg7 30. Rd1) 25... Rd2+ 26. Kg1 $2
({It was still possible to fight:} 26. Be2 $8 Rxe2+ 27. Nxe2 Qxh1 28. Ng3 Qd1
29. Qc3 Nd4 30. h6 Kf8) 26... Ne3 $19 27. Qg5 Qxf1+ 28. Kh2 Qxf3 0-1

[Event "Monte Carlo FIDE GP (Women)"]
[Site "Monte Carlo"]
[Date "2015.10.09"]
[Round "6"]
[White "Khademalsharieh, Sarasadat"]
[Black "Koneru, Humpy"]
[Result "0-1"]
[WhiteElo "2397"]
[BlackElo "2578"]
[Annotator "Mikhalchishin,A"]
[PlyCount "62"]
[EventDate "2015.10.03"]
[EventType "tourn"]
[EventRounds "11"]
[EventCountry "MNC"]
[EventCategory "11"]
[SourceTitle "CBM 169"]
[Source "ChessBase"]
[SourceDate "2015.11.10"]
[SourceVersion "1"]
[SourceVersionDate "2015.11.10"]
[SourceQuality "1"]
[WhiteClock "0:24:26"]
[BlackClock "0:12:53"]

1. d4 d5 2. c4 e6 3. Nc3 Bb4 4. Nf3 dxc4 5. e4 b5 6. a4 c6 7. Bd2 ({White has
tried a few different approaches here:} 7. Be2 Bb7 8. O-O a6 9. Bg5 (9. Qc2 Nf6
10. Bg5 h6 11. Bh4 Nbd7 12. Rfd1 Qb6 13. Ne5 O-O 14. Na2 a5 15. Nxd7 Nxd7 16.
b3 cxb3 17. Qxb3 bxa4 18. Qxa4 Rfb8 {Huebner,R (2560)-Kortschnoj,V (2625)/
Frankfurt 1998, White has some compensation for the pawn.}) (9. Bd2 Be7 10. e5
Nd7 11. Qc2 Nh6 12. Bxh6 gxh6 13. Rfd1 O-O 14. Ne4 Qc7 15. Qc1 c5 16. Nd6 Bxd6
17. exd6 Qxd6 18. dxc5 Qe7 {Riazantsev,A (2671)-Krasenkow,M (2610)/Montpellier
FRA 2015, with very complicated play.}) 9... Be7 10. h4 h6 11. Bxe7 Nxe7 12.
Qd2 Nd7 13. Rfd1 O-O 14. Qf4 Nf6 15. Ne5 Qb8 16. Qe3 Rd8 17. f4 Qc7 18. Bf3 Nd7
19. Ng4 b4 20. Ne2 c5 21. Rac1 cxd4 22. Rxd4 Rac8 {Lputian,S (2585)-Wolff,P 
(2590)/Tilburg 1992, White has full compensation for the pawn, but no more.}) (
7. Bg5 Ne7 8. Be2 Bb7 9. O-O a6 10. Qc2 h6 11. Bh4 O-O 12. Rfd1 f5 13. exf5
exf5 14. d5 cxd5 15. Nxd5 Bxd5 16. axb5 g5 17. Bxc4 {Bu,X (2640)-Liang,C (2514)
/Wuxi 2006, with a very strong white initiative..}) 7... a5 (7... Nf6 {is
possible:} 8. Qb1 a6 9. Be2 Bb7 10. O-O Be7 11. Rd1 Nbd7 12. Bg5 h6 13. Bh4 O-O
14. Bg3 Qb6 15. h3 Rfe8 16. b3 cxb3 17. Qxb3 b4 18. e5 Nh5 {Jobava,B (2518)
-Bacrot,E (2618)/Linares 2001, and White is the only one who can have problems.
}) 8. axb5 Bxc3 9. Bxc3 cxb5 10. b3 Nf6 ({A very serious option here is} 10...
Bb7 11. d5 Nf6 12. bxc4 b4 13. Bxf6 (13. Bd4 Nxe4 14. Bxg7 Rg8 15. Bd4 exd5 16.
Bd3 Rxg2 17. Ne5 Qf6 18. Qe2 Qe6 19. cxd5 Qxd5 20. Bb5+ Kf8 21. Rd1 Ba6 22.
Nd7+ Kg8 23. Nf6+ Nxf6 24. Bxf6 Bxb5 25. Rxd5 Nc6 {1-0 Tari,A (2521)-Richter,M
(2517)/Berlin GER 2015/The Week in Chess 1093}) 13... Qxf6 14. Qa4+ Nd7 15. e5
Qd8 16. Rd1 exd5 17. e6 fxe6 18. cxd5 O-O 19. dxe6 Nc5 20. Rxd8 Nxa4 21. Rxa8
Rxa8 {Stupak,K (2520)-Bartel,M (2635)/St Petersburg 2012, White is in trouble.}
) 11. Qb1 {Here there are few important tries:} (11. Qc2 cxb3 12. Bxb5+ Bd7 13.
Qxb3 Nxe4 14. d5 Nxc3 15. Bxd7+ Qxd7 16. Qxc3 O-O 17. O-O Qxd5 18. Rfd1 Qc6 19.
Qd4 Qa6 20. Qe4 Qc6 21. Qd3 Na6 22. Ng5 g6 {Gunina,V (2146)-Matlakov,M (2312)/
St Petersburg 2002, White's threats are not real.}) (11. bxc4 Nxe4 12. Bb2 bxc4
13. Ba3 a4 14. Bxc4 Qa5+ 15. Kf1 Ba6 16. Bxa6 Qxa6+ 17. Kg1 Nc3 18. Qd2 Ne2+
19. Kf1 Nxd4+ 20. Kg1 Ne2+ 21. Kf1 Nd4+ 22. Kg1 Nxf3+ 23. gxf3 f6 {Garriga
Cazorla,P (2227)-Fernandez Romero,E (2468)/Roquetas de Mar 2014, and the king
will find a safe place.}) (11. Nd2 Bb7 12. bxc4 b4 13. Bb2 Nxe4 14. Nxe4 Bxe4
15. Qg4 Bg6 16. Be2 O-O 17. O-O Nd7 18. Bf3 Ra7 19. d5 e5 {Baumstark,T (2175)
-Birk,S (2315)/Wuerttemberg 1998, with a clear advantage.}) 11... cxb3 $5 ({
Even stronger is the old} 11... Bb7 12. bxc4 Nxe4 13. Qxb5+ Bc6 14. Qb2 Nxc3
15. Qxc3 Bxf3 16. Qxf3 Qxd4 17. Rb1 O-O 18. Be2 Na6 19. O-O Nb4 20. Rfd1 Qa7
21. Qa3 Qc5 22. Rd7 Rfd8 23. Rbd1 Rxd7 24. Rxd7 {Foisor,O (2310)-Dolmatov,S 
(2495)/Groningen 1978, White does not have sufficient compensation for the
pawn.}) 12. Bxb5+ Bd7 13. Bxd7+ ({It was better to keep both bishops on the
board:} 13. Bd3 a4 14. O-O Na6 15. Ne5) 13... Nbxd7 14. e5 Nd5 15. Qxb3 a4 $1
16. Qa3 Qe7 $1 {It was the correct decision to swap the queens - but it was
possible to achieve it in a different way:} (16... Qc8 17. Bd2 Qc4 18. Rc1 Qb3
19. Qxb3 axb3 20. Rb1 O-O 21. Ke2 Rfb8 $17) 17. Bb2 N7b6 ({A very interesting
try would be} 17... f6 $5) 18. Qd3 $2 ({White decided to gamble and to avoid
the queen exchange, as it did not promise survival.} 18. Qxe7+ Kxe7 19. Ba3+
Kd7 20. Nd2 Rhc8 21. Ne4 Nc4 22. Bc5 a3 $17 {/-+}) 18... Qb4+ $1 {This is
better than} (18... O-O 19. O-O Rfc8 20. Ba3 Qd8 21. Rfc1 $13) 19. Qd2 Nc4 20.
Qxb4 Nxb4 {Now Black has got an even better version without queens. White is
in deep trouble as it is not possible to stop both black threats.} 21. Bc3 Nc2+
22. Ke2 Nxa1 23. Rxa1 O-O 24. Kd3 Rfc8 25. Bb4 Nb2+ 26. Kd2 a3 $1 27. Ra2 Nc4+
28. Kd3 Ra4 29. Bc3 Nb6 30. Ne1 Nd5 31. Bd2 Rb8 0-1

[Event "EU-Cup 34th"]
[Site "Porto Carras"]
[Date "2018.10.18"]
[Round "7.1"]
[White "Navara, David"]
[Black "Vallejo Pons, Francisco"]
[Result "1-0"]
[WhiteElo "2740"]
[BlackElo "2713"]
[Annotator "Mikhalchishin,A"]
[PlyCount "79"]
[EventDate "2018.10.12"]
[EventType "team-swiss"]
[EventRounds "7"]
[EventCountry "GRE"]
[SourceTitle "CBM 187"]
[Source "ChessBase"]
[SourceDate "2018.12.11"]
[SourceVersion "1"]
[SourceVersionDate "2018.12.11"]
[SourceQuality "1"]
[WhiteTeam "Novy Bor"]
[BlackTeam "Padova Obiettivo"]
[WhiteTeamCountry "CZE"]
[BlackTeamCountry "ITA"]

1. d4 d5 2. c4 e6 3. Nc3 a6 4. cxd5 exd5 5. Bf4 c6 6. e3 Bd6 7. Bxd6 Qxd6 8.
Bd3 Ne7 9. Qc2 (9. Nf3 Bf5 10. Qb3 b5 11. Bxf5 Nxf5 12. a4 b4 13. Ne2 a5 14.
O-O Nd7 15. Nf4 O-O 16. Rfc1 Rac8 17. Rc2 Rc7 18. Rac1 Rfc8 19. Qd3 g6 20. Qa6
g5 21. Nd3 b3 22. Rc3 c5 23. Qxd6 Nxd6 24. Nxc5 Nxc5 25. Rxc5 Rxc5 26. Rxc5 Rb8
27. Nd2 Rb4 28. Rxd5 Nc4 29. Nxc4 Rxc4 30. Rxg5+ Kf8 31. g3 Rxa4 32. Rb5 Ra1+
33. Kg2 a4 34. Rb4 f5 35. Kf3 Ra2 36. Kf4 Rxb2 37. Rxa4 Rxf2+ 38. Ke5 b2 39.
Rb4 Kf7 40. d5 Re2 41. Rb7+ Kg6 42. Kd4 Rd2+ 43. Kc3 Rxd5 44. Rxb2 Kg5 45. Rb4
Rd1 46. Rd4 Ra1 47. Rh4 h5 48. Kd3 Ra2 49. Kc3 {1/2 (49) Grischuk,A (2754)
-Carlsen,M (2857) chess.com INT 2016}) (9. Nge2 Bf5 10. Bxf5 Nxf5 11. Qc2 g6
12. O-O-O Nd7 13. g4 Ne7 14. Nf4 h5 15. f3 hxg4 16. fxg4 O-O-O 17. h4 Rdg8 18.
h5 g5 19. Nd3 f5 20. Kb1 fxg4 21. e4 Rh6 22. Qg2 g3 23. e5 Qe6 24. Qxg3 Nf5 25.
Qg4 Ne3 26. Qxe6 Rxe6 27. Rdg1 Rh6 28. Ne2 Nf8 29. Ng3 Rgh8 30. Re1 Ng2 31.
Reg1 Ne3 32. Re1 Ng2 33. Reg1 {1/2 (33) Firat,B (2503)-Landa,K (2611)
Reykjavik 2017}) 9... g6 (9... Nd7 10. Nf3 Nf6 11. O-O g6 12. Na4 Bf5 13. Nc5
Bxd3 14. Qxd3 Rb8 15. b4 O-O 16. Ne5 Nc8 17. a4 Na7 18. f4 Qe7 19. f5 Rbd8 20.
fxg6 fxg6 21. Rf3 Nh5 22. Raf1 Rxf3 23. Rxf3 Rf8 24. Qf1 Rxf3 25. Qxf3 Nf6 26.
Nxb7 Qxb4 27. Qxf6 Qxb7 28. Qd8+ Kg7 29. h3 Qb1+ 30. Kh2 Qb7 31. Nd7 {1-0 (31)
Shneider,A (2460)-Kruppa,Y Lvov (Ukraine) 1984}) (9... Bg4 10. Nge2 (10. f3 Bh5
11. Nge2 Nd7 12. O-O-O Qh6 13. Nf4 Bg6 14. Bxg6 Nxg6 15. Nxg6 hxg6 16. Kb1 Nb6
17. e4 O-O-O 18. Qb3 Nc4 19. Ka1 Qg5 20. g3 Kb8 21. f4 Qg4 22. Na4 Ka7 23. Nc5
Qc8 24. Rc1 Qc7 25. Qd3 Qb6 26. b3 Nd6 27. e5 Ne4 28. Rc2 Rh3 29. Rd1 Nxc5 30.
dxc5 Qb5 31. Qd4 Rdh8 32. Rdd2 Qf1+ 33. Kb2 Qh1 34. Rd1 Qf3 35. Rdd2 Qh1 36.
Rd1 Qf3 37. Rdd2 {1/2 (37) Dragun,K (2594)-Rakhmanov,A (2650) Moscow 2016})
10... Bxe2 11. Bxe2 Nd7 12. O-O-O O-O 13. Bd3 Kh8 14. Kb1 Rac8 15. h4 b5 16. h5
h6 17. Ne2 a5 18. Ng3 Nb6 19. Qc5 Qxc5 20. dxc5 Nd7 21. Rc1 Ne5 22. Be2 f5 23.
Rh4 Rf6 24. a4 b4 25. f4 Nd7 26. Bd3 Rg8 27. Ne2 g5 28. hxg6 Rgxg6 29. g3 Nf8
30. Kc2 Ne6 31. Kd2 Rg8 32. Rh5 Kg7 33. Ke1 Kg6 34. Rh4 Rd8 35. Kd2 d4 36. e4
fxe4 37. Bxe4+ Kg7 38. Rh5 d3 39. Bxd3 Rf5 40. Rxf5 Nxf5 41. g4 Nh4 42. f5 Ng5
43. Nf4 Nhf3+ 44. Ke3 Ne5 45. Be2 Kf6 46. Nh5+ Ke7 47. b3 Ngf7 48. Rd1 Nd7 49.
Bc4 Nfe5 50. Rd4 Nxc4+ 51. Rxc4 Kf7 52. Kf4 Nf8 53. Ke3 Re8+ 54. Re4 Rxe4+ 55.
Kxe4 Nd7 56. Kd4 Ke7 57. Nf4 Kf7 58. Ne6 Ke7 59. g5 hxg5 60. Nxg5 Kf6 61. Ne4+
Kxf5 62. Nd6+ Ke6 63. Nc4 Nf6 64. Ne5 {1-0 (64) Wojtaszek,R (2663)-Morozevich,
A (2715) Pamplona 2010}) 10. h4 {A new, modern idea.} ({Usually everybody
played} 10. Nf3 Bf5 11. Bxf5 Nxf5 12. O-O O-O 13. e4 dxe4 14. Nxe4 Qd8 15. Rad1
Nd6 16. Nc5 Nd7 17. d5 Nxc5 18. Qxc5 Rc8 19. Rfe1 Qf6 20. Ne5 cxd5 21. Nd7 Qf4
22. Qxd5 Rfe8 23. g3 Rxe1+ 24. Rxe1 Qb4 25. Nf6+ Kh8 26. Rd1 Rc6 27. Qe5 Qb5
28. Nd5+ {1-0 (28) Xu,Y (2541)-Peng,S (2388) Daqing CHN 2018}) 10... Bf5 11.
Bxf5 ({Possible was the direct} 11. h5) 11... Nxf5 12. h5 Rf8 ({Black would be
left with a certain after} 12... Nd7 13. hxg6 fxg6 14. Nf3 O-O-O 15. O-O-O h5
16. e4) 13. g4 Ne7 14. Qb3 Qc7 15. Rc1 ({It was preferable to create a safe
heaven for the king with} 15. O-O-O Nd7 16. Nh3 O-O-O 17. Na4) 15... Nd7 {
Now starts an interesting forced line.} 16. hxg6 hxg6 17. Nxd5 Nxd5 18. Qxd5
O-O-O 19. Qb3 ({With} 19. Qg5 Qb6 20. Rc2 Qb4+ 21. Kf1 Qd6 22. Ne2 {White
could keep an extra pawn, but his king would be stuck in the centre.}) 19...
Nf6 20. Nf3 ({Trying to keep the pawn was terribly dangerous:} 20. f3 Qg3+ 21.
Kf1 Rh8 22. Rxh8 Rxh8) 20... Nxg4 21. Ke2 Rfe8 22. Rh4 ({The attacking line
just led to an equal endgame:} 22. Rh7 Rd7 23. d5 c5 24. Qc4 Nf6 25. d6 Qxd6
26. Qxc5+ Qxc5 27. Rxc5+ Kd8 28. Rh4) 22... f5 23. Rch1 Re7 24. Rh8 Kb8 ({
It was time for real activation with} 24... f4 $1 25. Ng5 fxe3 26. Ne6 exf2 27.
Kf1 Qa5 28. Rxd8+ Qxd8 29. Nxd8 Re1+ 30. Kg2 Rxh1 31. Qxb7+ Kxd8 32. Qb6+ Kd7
33. Qb7+ {with perpetual check.}) 25. Ng5 Ka7 26. Qb4 Nf6 27. Qc5+ b6 ({
White would increase the pressure after} 27... Ka8 28. R1h6) 28. Qc4 Rxh8 29.
Rxh8 Nd5 $2 ({This was the last chance to display activity:} 29... f4 30. Ne6
f3+ 31. Kd1 Qd6 32. Nf4 c5) 30. Nf3 $1 {Now the knight is transferred to e5
with serious threats.} Kb7 ({A bit more stubborn was} 30... Qd6 31. Ne5 Rc7 32.
Rh6 Ne7) 31. Ne5 Re6 32. b4 Qe7 ({After} 32... b5 33. Qc5 Qe7 34. a3 Qxc5 35.
bxc5 {Black would be left with a very passive position.}) 33. a3 ({Very strong
was} 33. Nxc6 Rxc6 34. Qxd5 Qe6 35. Rh7+) 33... g5 34. Nxc6 $1 {Based on a
very precise long attacking calculation.} Nf4+ 35. Kd2 Rxc6 36. Qg8 a5 37. b5
Rc2+ 38. Kxc2 Qe4+ 39. Kb2 Nd3+ 40. Kc3 1-0